000
00295nam a22001457a 4500
008
210512b ||||| |||| 00| 0 eng d
020
_a
9780737766615
041
_a
eng
080
_a
070
082
_a
070
100
_a
40
101
_a
MED
245
_a
Mass Media
_c
OPVS
942
_2
udc
_c
BK
999
_c
57293
_d
57293